| 000 | 01650nam a22002657a 4500 | ||
|---|---|---|---|
| 003 | OSt | ||
| 005 | 20210224111302.0 | ||
| 008 | 210224s2017 ck ||||gr|||| 00| 0 spa d | ||
| 020 | _a9789584804006 | ||
| 020 | _a9584252461 | ||
| 040 |
_aCO-JMCR _cCO-JMCR |
||
| 041 | 0 | _aspa | |
| 082 | 0 | 4 |
_a986.103 / _bV152g _223 |
| 100 | 1 |
_aValencia Santana, Luis Guillermo, _eautor _913852 |
|
| 245 | 1 | 4 |
_aLos grillo, mártires de la independencia en 1816 : _bFusilados en Facatativá el 31 de agosto de 1816 / _cLuis Guillermo Valencia Santana |
| 250 | _aSegunda edición | ||
| 260 |
_a[Bogotá] : _bL. G. Grillo Olarte, _c2017 |
||
| 300 |
_a107 páginas ; _c23 cm. |
||
| 500 | _aDatos biográficos del autor en solapa frontal | ||
| 505 | 0 | _aLos mártires de Facatativá -- Mariano Grillo -- El origen de los Grillo en América -- Algunos descendientes -- El testamento - Mariano y Joaquín Grillo -- La época -- El 20 de Julio de 1810 -- Firma de acta de independencia -- Morillo llega a América -- El martirologio -- El consejo de la purificación La cárcel del Rosario -- Relatos de un día trágico en Facatativá -- El Centenario -- La celebración del Centenario de la independencia 1910 -- Monumento a los mártires | |
| 520 | 0 | _aMariano y Joaquín Grillo, padre e hijo respectivamente, fueron fusilados el 31 de agosto de 1816 en la plaza de Facatativá. Los condenaron por participar de la lucha de la independentista contra la administración política de la Corona española en el Virreinato de la Nueva Granada. | |
| 650 | 2 | 4 |
_aHistoria Facatativá _zColombia _913853 |
| 650 | 2 | 4 |
_aFusilamiento _zColombia _913854 |
| 942 |
_2ddc _cBK |
||
| 999 |
_c7309 _d7309 |
||